LEADER 01063nam0-2200361li-450 001 990000261080203316 005 20180312154743.0 010 $a0-85312-502-3 035 $a0026108 035 $aUSA010026108 035 $a(ALEPH)000026108USA01 035 $a0026108 100 $a2001997011982-------y0itay0103----ba 101 0 $aeng 102 $aGB 200 1 $aNoise and vibration$fedited by R. G. White ... [et al.] 210 $aChichester$cEllis Horwood$dcopyr.1982 215 $a866 p.$cill.$d24 cm 610 1 $arumore 676 $a62023$9Rumore e contromisure 702 1$aWhite,$bR. G. 801 $aSistema bibliotecario di Ateneo dell' Università di Salerno$gRICA 912 $a990000261080203316 951 $a620.23 NOI$b16889/CBS$c620.23$d00326849 959 $aBK 969 $aSCI 979 $c19970108 979 $c20001110$lUSA01$h1715 979 $c20020403$lUSA01$h1634 979 $aPATRY$b90$c20040406$lUSA01$h1619 979 $aRSIAV6$b90$c20090908$lUSA01$h1345 996 $aNoise and vibration$91492385 997 $aUNISA LEADER 01099nam0-22003731i-450 001 990007452580403321 005 20220930202741.0 010 $a88-13-23271-3 035 $a000745258 035 $aFED01000745258 035 $a(Aleph)000745258FED01 100 $a20030717d2001----km-y0itay50------ba 101 0 $aita 102 $aIT 105 $ay-------001yy 200 1 $aClausole abusive e diritti dei consumatori$eraffronti comparatistici$fGuido Smorto 210 $aPadova$cCedam$dc2001 215 $aVII, 282 p.$d24 cm 225 1 $aBiblioteca giuridica$v30 610 0 $aClausole vessatorie 610 0 $aTutela del consumatore 610 0 $aDiritto dell'Unione Europea 610 0 $aCondizioni generali del contratto 676 $a346.402$v23$zita 700 1$aSmorto,$bGuido$0269288 801 0$aIT$bUNINA$gRICA$2UNIMARC 901 $aBK 912 $a990007452580403321 952 $aCollezioni 422 (30)$b45980*$fFGBC 952 $a16-G-75$b12151$fDDCP 959 $aFGBC 959 $aDDCP 996 $aClausole abusive e diritti dei consumatori$9662933 997 $aUNINA